000
00390cam a2200181ua 4500
020
_c
Rs. 2.50
041
_a
mal
_h
082
_a
894.8122
_b
NIL/ER
100
_a
Nilakandapilai, V .
245
_a
Eravikuttypillai
260
_a
Qulion :
_b
M.S Sons ,
_c
1960.
300
_a
248 ; .
365
_a
Rs. 2.50
504
_a
650
_a
Play
942
_c
BK
999
_c
439
_d
439